000 00572nam a2200241Ia 4500
005 20260306145834.0
008 008 260114s9999 xx 000 0 eng d
020 _a9783110695854
037 _aEbook
040 _aCRL
040 _beng
040 _cCRL
041 _2eng
041 _aeng
084 _qCRL
245 4 _aThe Natural History of the Sign
260 _bDe Gruyter Mouton
260 _c2022
650 _aLinguistics and Semiotics
856 _uhttps://www.degruyter.com/isbn/9783110695854
942 _cEBOOK
999 _c1691507
_d1691507